00554nam a2200169Ia 4500008004100000020001800041041000800059082001600067100002200083245004800105250000600153260003700159300001100196650002200207999001900229952013600248210716s2008 xx 000 0 und d a9788177228977 aeng a004.65 KOGE aKogent Solutions. aNetbeans 6: in simple steps.bSimple steps. a1 aNew DelhibDreamtech Pressc2008 aix,246 aComputer Networks c189251d189251 001040708MCAaAIMITbAIMITeHigginbothams Pvt Ltdg169.00l0o004.65 KOGEpMCA08759r2025-07-21 00:00:00v126.75w2021-07-16yBK